LEADER 01982nam 2200397Ia 450 001 996387336903316 005 20200824132916.0 035 $a(CKB)4940000000086526 035 $a(EEBO)2240876790 035 $a(OCoLC)ocm47012469e 035 $a(OCoLC)47012469 035 $a(EXLCZ)994940000000086526 100 $a20010525d1676 uy 0 101 0 $aeng 135 $aurbn||||a|bb| 200 10$aEnglands faithful physitian [sic]. Or, Precious soul-saving and soul-searching remedies, through grace faithfully applied for the healing and preserving this sinful sick nation from ruine and destruction$b[electronic resource] $eWhereby this heavy judgment of God in visiting us with the plague and pestilence which we have lain under, may upon our hearty, and unfeigned repentance be prevented for the future among us. Together, with a speedy way to grace and salvation through Jesus Christ 210 $a[London] $cPrinted for W. Thackeray, Phil. Brooksby, John Williamson, and J. Hose.$d1676 215 $a[27] p. $cport 300 $aPlace of publication suggested by text. 300 $aIncludes half-title page, verso of which contains a woodcut portrait of the author. 300 $aAdvertisement: p. [27] 300 $aReproduction of original in: University of Glasgow. Library. 330 $aeebo-0166 606 $aRepentance$zGreat Britain$vEarly works to 1800 606 $aChristian life$zGreat Britain$vEarly works to 1800 606 $aPlague$xReligious aspects$vEarly works to 1800 615 0$aRepentance 615 0$aChristian life 615 0$aPlague$xReligious aspects 700 $aHart$b John$cD.D.$0195672 801 0$bEAE 801 1$bEAE 906 $aBOOK 912 $a996387336903316 996 $aEnglands faithful physitian . Or, Precious soul-saving and soul-searching remedies, through grace faithfully applied for the healing and preserving this sinful sick nation from ruine and destruction$92339168 997 $aUNISA LEADER 01392cam0-22004691i-450 001 990003057650403321 005 20241021100830.0 010 $a88-15-02766-1 100 $a20030910d1990----km-y0itay50------ba 101 0 $aita 102 $aIT 105 $ay-------001yy 200 1 $a<>economia sotto tutela$eproblemi strutturali dell'intervento pubblico in Italia$fFiorella Padoa Schioppa 210 $aBologna$cil Mulino$d1990 215 $a288 p.$d21 cm 225 1 $aContemporanea$v39 320 $aContiene riferimenti bibl. (pp. 269-288) 610 0 $aEconomia$aItalia$aSviluppo$aPolitiche pubbliche 676 $a338.945$v21$zita 676 $a336.45$v21$zita 700 1$aKostoris Padoa-Schioppa,$bFiorella$f<1945- >$0248757 801 0$aIT$bUNINA$gRICA$2UNIMARC 901 $aBK 912 $a990003057650403321 952 $aN/1.4 PAD/N.A.$b8973$fSES 952 $a338.945 PAD 1$b2251$fBFS 952 $aCOLLEZ. 858 (39)$b11940$fFSPBC 952 $aXV R 88$b12929*$fFGBC 952 $aXXVIII 420$b3101$fDDCIC 952 $aSE 105.04.19$b3692$fDECSE 952 $aH1.76$b1970$fDECTS 952 $aDAM C20 PADF 01$b2024/8385$fFLFBC 959 $aSES 959 $aFSPBC 959 $aDDCIC 959 $aFGBC 959 $aDECSE 959 $aBFS 959 $aDECTS 959 $aFLFBC 996 $aEconomia sotto tutela$945922 997 $aUNINA